<?xml version="1.0" encoding="UTF-8"?>
<collection xmlns="http://www.loc.gov/MARC21/slim">
  <record>
    <leader>00000nam  2200000   4500</leader>
    <controlfield tag="001">INLIS000000000002729</controlfield>
    <controlfield tag="005">20180724150355</controlfield>
    <controlfield tag="008">180724|||||||||   |   |||   |||| ||   | </controlfield>
    <datafield tag="035" ind1=" " ind2=" ">
      <subfield code="0">010-0718002729</subfield>
    </datafield>
    <datafield tag="041" ind1=" " ind2=" ">
      <subfield code="a">id</subfield>
    </datafield>
    <datafield tag="082" ind1=" " ind2=" ">
      <subfield code="a">R. 087</subfield>
    </datafield>
    <datafield tag="090" ind1=" " ind2=" ">
      <subfield code="a">R. 087 PIM I Angkatan XXXVII</subfield>
    </datafield>
    <datafield tag="100" ind1=" " ind2=" ">
      <subfield code="a">Haruni, Andi Bakti</subfield>
    </datafield>
    <datafield tag="245" ind1=" " ind2=" ">
      <subfield code="a">Memorandum Program Terpadu Untuk Penanganan Kawasan Kumuh Di Metropolitan Mamminasata</subfield>
    </datafield>
    <datafield tag="260" ind1=" " ind2=" ">
      <subfield code="a">Jakarta</subfield>
      <subfield code="b">LAN Jakarta</subfield>
      <subfield code="c">2017</subfield>
    </datafield>
    <datafield tag="300" ind1=" " ind2=" ">
      <subfield code="a">iii; 48 hlm.; Lamp.; 30 cm</subfield>
    </datafield>
    <datafield tag="500" ind1=" " ind2=" ">
      <subfield code="a">Pembangunan perumahan dan pemukiman yang kurang terpadu, terarah, dan terencana serta kurang memperhatikan kelengkapan sarana dan prasarana lingkungan akan cenderung mengalami degradasi yang diterminologikan sebagai Kawasan kumuh.  Hal ini diperburuk oleh kondisi kehidupan warga yang relative miskin, sehingga tidak mampu mengelola lingkungannya secara mandiri.  Diperlukan konsolidasi program atau kegiatan agar tercipta program yang komprehensif, integratif, dan berkelanjutan sehingga penanganan Kawasan kumuh terlaksana secara efektif.  Konsolidasi ini minimal mencakup 3 hal, yaitu bina lingkungan, bina ekonomi, dan bina manusia.  Memorandum program terpadu merupakan sebuah inovasi yang mengkonsolidasikan program/kegiatan dari berbagai stakeholder dengan pendekatan partisipatif yang didasarkan pada kebutuhan riil penanganan Kawasan kumuh melalui penanganan lingkungan, pengembangan ekonomi, dan pembinaan kehidupan social masyarakat.</subfield>
    </datafield>
    <datafield tag="650" ind1=" " ind2=" ">
      <subfield code="a">Kawaan Kumuh</subfield>
    </datafield>
  </record>
</collection>
